Normal view
MARC view
- Data Structures And Algorithms Through C Language
Entry Topical Term
001 - CONTROL NUMBER
- control field: 189
003 - CONTROL NUMBER IDENTIFIER
- control field: JO-AjAnu
005 - DATE AND TIME OF LATEST TRANSACTION
- control field: 20230606070330.0
008 - FIXED-LENGTH DATA ELEMENTS
- fixed length control field: 230606|| aca||aabn | a|a d
040 ## - CATALOGING SOURCE
- Original cataloging agency: JO-AjAnu
- Transcribing agency: JO-AjAnu
150 ## - HEADING--TOPICAL TERM
- Topical term or geographic name entry element: Data Structures And Algorithms Through C Language
670 ## - SOURCE DATA FOUND
- Source citation: Work cat.: (JO-AjAnu)99: Mainar,Sushma Rani, author 188, Data Structures And Algorithms Through C Language